000 00418nam a22001457a 4500
082 _a530
_bMIN
_cL-6, P-29
100 _aMinhaj ud Din
_939721
245 _aMatriculation science part-1 (physics)
_cMinhaj ud Din
260 _aLahore
_bSh. Minhaj ud din
_c1959
300 _aviii, 320.:
_bill,;
526 _a0
_b0
_c0
_d530_000000000000000_MIN
650 _aMCE
_9379
700 _aMinhaj ud Din
_939721
942 _2ddc
_cBK
999 _c544164
_d544164